Normal view
MARC view
- SYSTEM ENIGNEERING APPROACH TO IMAGING
Entry Topical Term
001 - CONTROL NUMBER
- control field: 56780
003 - CONTROL NUMBER IDENTIFIER
- control field: NUST
005 - DATE AND TIME OF LATEST TRANSACTION
- control field: 20210628201756.0
008 - FIXED-LENGTH DATA ELEMENTS
- fixed length control field: 210628|| aca||aabn | a|a d
040 ## - CATALOGING SOURCE
- Original cataloging agency: NUST
- Transcribing agency: NUST
150 ## - HEADING--TOPICAL TERM
- Topical term or geographic name entry element: SYSTEM ENIGNEERING APPROACH TO IMAGING
670 ## - SOURCE DATA FOUND
- Source citation: Work cat.: (NUST): Kopeika, Norman S 56779, A system enigneering approach to imaging, 2003
